01126nas a2200301 4500001001300000003000900013005001700022007000300039008003400042040005400076041000900130072000800139100002100147100001600168100002400184245015200208650001700360650001600377650002700393650002100420650001700441650001300458773011900471909004000590942001800630999001900648952015700667BR2012008963BR-BrBNA20231205121536.0ta230509b bl.|||p| |||| 00| 00por d aBR-BrBNAbporcBiblioteca Nacional de Agricultura a(Pt) aF011 aSilva, G.J.C. da1 aSouza, E.C.1 aMartins, H.E. de P.1 aProdução agropecuária em município de Minas Gerais (1996-2000): padrões de distribuição, especialização e associação espacial aPRODUÇÃO aECONOMETRIA aMÉTODO ESTATÍSTICO aSETOR AGRÍCOLA aMINAS GERAIS aPARANÁ0 tRevista de Economia e Sociologia Rural (Brazil)xISSN 0103-2003g(Apr-Jun 2012), v. 50(2) p. 333-350wBR2012008963 a202311bLúciac55dLúcia Elande 2AGRISn0cANA c224039d224039 002AGRIS4071a41918b41918cPeriódicos Agrícolash(Apr-Jun 2012), v. 50(2) p. 333-350l0r2023-11-29t01yCRePortaria Interministerial nº 164/94